LDR 01168naa#a2200181#i#450# 001 RU\\bibl\123200 005 20260513051715.3 011 ## _a2409-1073 100 ## _a20231220b2023####ek#y0rusy0150####ca 102 ## _aRU 200 1# _aКорпоративная культура в современном медицинском учреждении _eЖурнальная статья 210 1# _aМосква _cФедеральное государственное автономное образовательное учреждение высшего образования Национальный исследовательский университет "Московский институт электронной техники" _d2023 215 ## _a0 с. 608 ## _aЖурнальная статья _2local 675 ## _aРуководство. Авторитет. Техника (приемы) и методы руководства. 65.012.4 _aОрганизация здравоохранения. 614.2 _z 700 #1 _aПетрова _gЕкатерина Андреевна 700 #1 _aСытник _gАлександра Александровна 856 4# _aesgi-journal.ru _u